Players of National Teams - England - Statistics

General Stats
  • This quiz has been taken 35 times
  • The average score is 16 of 25
Answer Stats
Pos. Team Player % Correct
FW Bayern Munich Harry Kane
97%
AM Manchester City Phil Foden
97%
GK Everton FC Jordan Pickford
94%
RW Arsenal FC Bukayo Saka
91%
CM Arsenal FC Declan Rice
91%
AM Real Madrid Jude Bellingham
88%
LW FC Barcelona Marcus Rashford
84%
CB Crystal Palace Marc Guéhi
81%
CB Manchester City John Stones
78%
RB Chelsea FC Reece James
78%
GK Crystal Palace Dean Henderson
75%
DM Brentford FC Jordan Henderson
75%
GK Manshester City James Trafford
72%
AM Arsenal FC Eberechi Eze
66%
RW West Ham United Jarrod Bowen
63%
CB Newcastle United Dan Burn
53%
CB Aston Villa Ezri Konsa
50%
AM Aston Villa Morgan Rogers
50%
LB Manchester City Nico O'Reilly
47%
CM Nottingham Forest Elliot Anderson
44%
CB Bayer 04 Leverkusen Jarell Quansah
44%
DM Crystal Palace Adam Wharton
41%
LB Tottenham Hotspur Djed Spence
41%
CM AFC Bournemouth Alex Scott
31%
CB Chelsea FC Travoh Chelobah
0%
No matching quizzes found
Score Distribution
Percent of People with Each Score
Percentile by Number Answered
Your Score History
You have not taken this quiz